000 00651nam a22002057a 4500
003 UA-OsUOA
001 33975
007 ta
008 20050919b un ||||| |||| 00| 0 ukr d
090 _a328(477)
_bР34
942 _cMG
040 _aUA-OsUOA
_bukr
_cUA-OsUOA
_dUA-OsUOA
245 _aЯк працює твій депутат
_bРезультати роботи депутатів 4-го скликання у верховній раді України за травень2002-липень 2003 року
_cГрязнова О.
300 _a280 с.
955 _a0
041 _aukr
080 _a328(477)
260 _aК.
_c2003
650 7 _2UDC
999 _c320425
_d320425